Algebra : (Record no. 11348)
[ view plain ]
| 000 -LEADER | |
|---|---|
| fixed length control field | 00550nam a2200193 a 4500 |
| 020 ## - INTERNATIONAL STANDARD BOOK NUMBER | |
| ISBN | 0395755794 (text) |
| 020 ## - INTERNATIONAL STANDARD BOOK NUMBER | |
| ISBN | 039576484X (exam copy) |
| 040 ## - CATALOGING SOURCE | |
| Transcribing agency | DLC |
| 082 00 - DEWEY DECIMAL CLASSIFICATION NUMBER | |
| Classification number | 512 HOU 1996 A029 Or. |
| 100 1# - MAIN ENTRY--AUTHOR NAME | |
| Personal name | Aufmann, Richard N. |
| 245 10 - TITLE STATEMENT | |
| Title | Algebra : |
| Remainder of title | introductory and intermediate / |
| 260 ## - PUBLICATION, DISTRIBUTION, ETC. (IMPRINT) | |
| Place of publication | Boston : |
| Name of publisher | Houghton Mifflin, |
| Year of publication | c1996. |
| 300 ## - PHYSICAL DESCRIPTION | |
| Number of Pages | 1 v. (various pagings) : |
| Other physical details | ill. (some col.) ; |
| Dimensions | 28 cm. |
| 500 ## - GENERAL NOTE | |
| General note | Includes indexes. |
| 650 #0 - SUBJECT ADDED ENTRY--TOPICAL TERM | |
| Topical Term | Algebra. |
| 700 1# - ADDED ENTRY--PERSONAL NAME | |
| Personal name | Barker, Vernon C. |
| 700 1# - ADDED ENTRY--PERSONAL NAME | |
| Personal name | Lockwood, Joanne S. |
| 942 ## - ADDED ENTRY ELEMENTS (KOHA) | |
| Koha item type | សៀវភៅភាសាអង់គ្លេស |
| 952 ## - LOCATION AND ITEM INFORMATION (KOHA) | |
| Withdrawn status [LOCAL, KOHA] | 0 |
| Permanent Location | Date acquired | Koha item type | Lost status | Shelving location | Barcode | Current Location | Full call number |
|---|---|---|---|---|---|---|---|
| Library Block A | 2017-08-01 | សៀវភៅភាសាអង់គ្លេស | A029 | A14082 | Library Block A | 512 HOU 1996 A029 Or. |